000 00699nam a22001577a 4500
003 OSt
005 20151207101029.0
008 151207b xxu||||| |||| 00| 0 eng d
040 _cRUA
082 _aATM PRU 2004 B193 Or.1
100 _94438
_aPRUM, SIYEN.
245 _aeconomic analysis of farm households on raising animal and rice production in kampong thom province (ការវិភាគសេដ្ឋកិច្ចគ្រួសារកសិករលើការចិញ្ចឹមសត្វនិងផលិតកម្មស្រូវ ក្នុងខេត្តកំពង់ធំ)
260 _aPhnom Penh
_bRUA
_c2004
300 _a41p.
_bill.
_c29cm.
942 _2ddc
_cATM
999 _c4138
_d4138